[Event "Niedersachsen-chT U16"]
[Site "Stade"]
[Date "2007.05.18"]
[Round "4.4"]
[White "Teichert, Kevin"]
[Black "Luechau, Daniel"]
[Result "1-0"]
[WhiteElo "1073"]
[BlackElo "788"]
[PlyCount "99"]
[EventDate "2007.05.17"]
[EventType "team-tourn"]
[EventRounds "7"]
[EventCountry "GER"]
[SourceTitle "EXT 2008"]
[Source "ChessBase"]
[SourceDate "2007.11.25"]
[SourceVersion "1"]
[SourceVersionDate "2007.11.25"]
[SourceQuality "1"]

1. e4 e5 2. Nf3 Nc6 3. Bc4 Bc5 4. d3 d6 5. Ng5 Nh6 6. Qf3 0-0 7. h3 Nd4 8. Qd1 c6 9. a3 b5 10. Ba2 Re8 11. 0-0 Ne6 12. Nxe6 Bxe6 13. Bxh6 Bxa2 14. Bxg7 Kxg7 15. Qg4+ Kh8 16. Rxa2 Rg8 17. Qh5 Rg7 18. b4 Bb6 19. Kh2 Qf6 20. c3 Rag8 21. f4 exf4 22. Qf5 Qe6 23. Re2 Qxf5 24. exf5 Be3 25. Nd2 Rg5 26. f6 Bxd2 27. Rxd2 Re8 28. Rxf4 h5 29. h4 Rge5 30. Kg3 Re3+ 31. Kf2 Kh7 32. Rf5 Kg6 33. Rg5+ Kxf6 34. Rxh5 Kg6 35. Rg5+ Kh6 36. Rf5 Kg6 37. g4 f6 38. h5+ Kg7 39. h6+ Kxh6 40. Rxf6+ Kg5 41. Rxd6 Kxg4 42. Rxc6 Rf3+ 43. Kg2 Ref8 44. Rg6+ Kh5 45. Rg3 R3f6 46. Re2 Rc8 47. Re5+ Kh6 48. d4 a6 49. Re1 Kh5 50. Rh1# 1-0

[Event "Niedersachsen-chT U14"]
[Site "Verden"]
[Date "2006.05.28"]
[Round "7.2"]
[White "Teichert, Kevin"]
[Black "Mueller, Leon"]
[Result "0-1"]
[WhiteElo "1101"]
[BlackElo "1340"]
[PlyCount "97"]
[EventDate "2006.05.25"]
[EventType "team-tourn"]
[EventRounds "7"]
[EventCountry "GER"]
[SourceTitle "EXT 2007"]
[Source "ChessBase"]
[SourceDate "2006.11.23"]
[SourceVersion "1"]
[SourceVersionDate "2006.11.23"]
[SourceQuality "1"]

1. e4 Nf6 2. Nc3 d5 3. exd5 Nxd5 4. Bc4 Nb6 5. Bb3 Nc6 6. d3 e5 7. Qf3 f5 8. Nh3 Be7 9. Be3 g6 10. 0-0-0 Na5 11. Ba4+ Nxa4 12. Nxa4 Be6 13. Qe2 Qd5 14. Nc3 Qxg2 15. Qf1 Qxf1 16. Rhxf1 f4 17. Nxf4 exf4 18. Bxf4 Bd6 19. Bxd6 cxd6 20. Rde1 Kd7 21. Ne4 Bh3 22. Rg1 Bf5 23. Nf6+ Kc7 24. Re7+ Kb6 25. Nd5+ Kc6 26. Nb4+ Kb5 27. a3 a6 28. Rge1 Kb6 29. Rf7 Nc6 30. Nd5+ Ka7 31. Kd2 Rae8 32. Nc7 Rxe1 33. Kxe1 Ne5 34. Rf6 Nf3+ 35. Kd1 Nxh2 36. Rxd6 g5 37. Ke2 g4 38. f4 gxf3+ 39. Kf2 Rg8 40. Rf6 Rg2+ 41. Ke1 Rxc2 42. Rxf5 h5 43. d4 h4 44. d5 f2+ 45. Rxf2 Rxf2 46. Kxf2 Ng4+ 47. Kg1 h3 48. Kh1 h2 49. Kg2 0-1

[Event "Niedersachsen-chT U14"]
[Site "Verden"]
[Date "2006.05.27"]
[Round "6.2"]
[White "Tenninger, Marc"]
[Black "Teichert, Kevin"]
[Result "1-0"]
[WhiteElo "1602"]
[BlackElo "1101"]
[PlyCount "87"]
[EventDate "2006.05.25"]
[EventType "team-tourn"]
[EventRounds "7"]
[EventCountry "GER"]
[SourceTitle "EXT 2007"]
[Source "ChessBase"]
[SourceDate "2006.11.23"]
[SourceVersion "1"]
[SourceVersionDate "2006.11.23"]
[SourceQuality "1"]

1. c4 e5 2. Nc3 Nc6 3. g3 Bc5 4. Bg2 Nge7 5. e3 d6 6. Nge2 0-0 7. 0-0 Bg4 8. a3 Qd7 9. b4 Bb6 10. Re1 a6 11. Rb1 Na7 12. a4 c6 13. a5 Bd8 14. d4 Rb8 15. Na4 f6 16. Qb3 d5 17. Nc5 Qd6 18. dxe5 fxe5 19. Bb2 b5 20. Qc3 Ng6 21. Nxa6 Rc8 22. cxd5 cxd5 23. Nc5 Bxa5 24. bxa5 Rxc5 25. Qd2 Ne7 26. Ba3 Qc6 27. Bxc5 Qxc5 28. Rec1 Qd6 29. Nc3 Be6 30. Nxb5 Nxb5 31. Rxb5 Rb8 32. Rxb8+ Qxb8 33. Ra1 e4 34. a6 Nc6 35. Qc3 Qb6 36. Qa3 Na7 37. Qe7 Bf7 38. Qb7 Qxb7 39. axb7 Nc6 40. Rc1 Be8 41. Bf1 Kf8 42. Bb5 Nb8 43. Bxe8 Kxe8 44. Rc8+ 1-0